| 000 | 00657nam a2200229Ia 4500 | ||
|---|---|---|---|
| 003 | BUBTL | ||
| 008 | 151213s9999 xx 000 0 und d | ||
| 041 | _aEnglish | ||
| 082 | _a346.0436/ K5276t/ 1985 | ||
| 100 |
_aKhanna, H. R. _95423 |
||
| 245 |
_aMulla on the Transfer of Property Act -1882/ _cH. R. Khanna, P.M. Bakshi |
||
| 250 | _a7th ed. | ||
| 260 |
_aAustralia _bN. M. Tripathi Private Ltd _cc1985 |
||
| 300 |
_acxxiv, 448p. : _bill. ; _c21 cm. |
||
| 526 | _aLaw | ||
| 650 | _aLaw | ||
| 650 | _a | ||
| 700 |
_aH. R. Khanna, P. M. Bakshi _95424 |
||
| 856 |
_k0 _l0 _yDownload |
||
| 942 |
_2ddc _cBK |
||
| 999 |
_c2232 _d2232 |
||